Nákupné správanie spotrebiteľov: marketingový prístup

Saved in:
Bibliographic Details
Main Author: Kita, Pavol
Format: Book Chapter
Language:Slovak
Subjects:
Tags: Add Tag
No Tags, Be the first to tag this record!

MARC

LEADER 00000naa$a2200000$$$4500
001 0239767
005 20240502073904.5
041 0 |a slo 
044 |a SK 
245 1 0 |a Nákupné správanie spotrebiteľov: marketingový prístup  |c Pavol Kita 
610 2 0 |a nákup 
610 2 0 |a spotrebitelia 
610 2 0 |a marketing 
610 2 0 |a správanie spotrebiteľa 
610 2 0 |a spotreba 
100 1 |a Kita, Pavol